| 000 | 00601nam a2200217 a 4500 | ||
|---|---|---|---|
| 001 | BRCA_5271 | ||
| 005 | 20190320205018.0 | ||
| 008 | 011210s1972----enka######---#000-0#eng-# | ||
| 020 | _a706400372 | ||
| 041 | _aeng | ||
| 044 | _aenk | ||
| 050 | 4 |
_aNK7909.3 _b.M66 1972 |
|
| 100 | 1 |
_aMontagu, Jennifer _913503 |
|
| 245 | 1 | 0 |
_aBronzes _cJennifer Montagu. |
| 260 |
_aLondres _bOctopus Books _c1972 |
||
| 300 |
_a95 p. _bil. (algunas a color) _c25 cm. |
||
| 500 | _aDonación Dr. Héctor Rivero Borrell Vázquez | ||
| 650 | 1 | 4 |
_aBronces _xHistoria _yRenacimiento _913504 |
| 902 | _aDHR | ||
| 942 |
_2lcc _cB |
||
| 999 |
_c4965 _d4965 |
||